| 000 | 01030nam a2200325 i 4500 | ||
|---|---|---|---|
| 001 | 000012344 | ||
| 003 | DO-SdBNP | ||
| 005 | 20250218104750.0 | ||
| 007 | ta | ||
| 008 | 091111s1999 dr r 001 0 spa d | ||
| 040 |
_aDO-SdBNP _bspa _cBNPHU _erda |
||
| 041 | _hspa | ||
| 082 |
_axxxx _bG216h _222 |
||
| 100 | 1 |
_aGarcía Cartagena, Manuel _eautor _912067 |
|
| 245 | 1 | 0 |
_aHistoria de Almueje : _bnovela / _cManuel García Cartagena. |
| 246 | 1 | 0 | _aObras |
| 264 |
_aSanto Domingo : _bSistema Nacional de talleres literarios _bConsejo Presidencial de Cultura, _c1999. |
||
| 300 |
_avolumen ; _c28 cm. |
||
| 336 |
_ardacontent _btexto _2txt |
||
| 337 |
_ardamedia _bsin mediación _2n |
||
| 338 |
_ardacarrier _bvolumen _2nc |
||
| 490 | 1 |
_aSistema Nacional de talleres literarios _v2 |
|
| 490 | 1 | _aFin de siglo | |
| 500 | _aLa biblioteca posee en v. 1 | ||
| 590 | _aInventariado, 2020/BT | ||
| 830 | 0 |
_aSistema Nacional de talleres literarios _n2 _929015 |
|
| 830 | 0 |
_aFin de siglo _925148 |
|
| 910 | _aBT | ||
| 942 |
_2ddc _cLBS1 |
||
| 999 |
_c12001 _d12001 |
||